[Event "Wuerttemberg-ch Seniors op 26th"]
[Site "Freudenstadt"]
[Date "2014.07.24"]
[Round "9"]
[White "Abel, Hans Peter"]
[Black "Scharhag, Wilhelm"]
[Result "1-0"]
[WhiteElo "1958"]
[BlackElo "1879"]
[PlyCount "79"]
[EventDate "2014.07.16"]
[EventType "swiss"]
[EventRounds "9"]
[EventCountry "GER"]
[SourceTitle "EXT 2019"]
[Source "ChessBase"]
[SourceDate "2018.10.10"]
[SourceVersion "1"]
[SourceVersionDate "2018.10.10"]
[SourceQuality "1"]

1. Nf3 d5 2. d4 Nf6 3. g3 e6 4. Bg2 c5 5. e3 Nc6 6. c3 b6 7. 0-0 Be7 8. Re1 Bb7 9. dxc5 bxc5 10. b3 0-0 11. Na3 Qa5 12. Qc2 c4 13. b4 Qb6 14. Qb2 a6 15. Nc2 Ne4 16. Ncd4 Rab8 17. Qc2 Ba8 18. Nxc6 Bxc6 19. a4 Bf6 20. a5 Qb7 21. Nd4 Bd7 22. Ne2 Nd6 23. Rd1 Nb5 24. Nd4 Nd6 25. f3 Nf5 26. Ne2 Qa7 27. Nd4 Nxd4 28. exd4 Bc6 29. Be3 Rfe8 30. Bf2 Qd7 31. f4 Qc7 32. Qd2 Rbd8 33. Re1 Rb8 34. g4 g6 35. Bg3 Be7 36. f5 Bd6 37. f6 Kh8 38. Qh6 Rg8 39. Re3 Bxg3 40. Rxg3 1-0